مكتبة جامعة عجلون الوطنية

فهرس بحث المكتبة

التغذية والتربية الغذائية / (Record no. 33192)

MARC details
000 -LEADER
fixed length control field 00591nam a22001817a 4500
003 - CONTROL NUMBER IDENTIFIER
control field JO-AjAnu
005 - DATE AND TIME OF LATEST TRANSACTION
control field 20231129100046.0
008 - FIXED-LENGTH DATA ELEMENTS--GENERAL INFORMATION
fixed length control field 231129b jo ||||| |||| 00| 0 ara d
040 ## - CATALOGING SOURCE
Original cataloging agency JO-AjAnu
Language of cataloging ARA
Transcribing agency JO-AjAnu
041 ## - LANGUAGE CODE
Language code of text/sound track or separate title ARA
050 ## - LIBRARY OF CONGRESS CALL NUMBER
Classification number TX353
-- H3776
100 #1 - MAIN ENTRY--PERSONAL NAME
Personal name الحريري، رافدة
9 (RLIN) 42865
Relator term مؤلف
245 2# - TITLE STATEMENT
Title التغذية والتربية الغذائية /
Statement of responsibility, etc. رافدة الحريري
260 ## - PUBLICATION, DISTRIBUTION, ETC.
Place of publication, distribution, etc. عمان :
Name of publisher, distributor, etc. دار اليازوري للنشر والتوزيع،
Date of publication, distribution, etc. [د.ت]
300 ## - PHYSICAL DESCRIPTION
Extent 284صفحة
650 70 - SUBJECT ADDED ENTRY--TOPICAL TERM
Topical term or geographic name entry element التغذية
9 (RLIN) 15754
942 ## - ADDED ENTRY ELEMENTS (KOHA)
Source of classification or shelving scheme Library of Congress Classification
Koha item type Books
Suppress in OPAC No
Holdings
Withdrawn status Lost status Source of classification or shelving scheme Damaged status Not for loan Home library Current library Date acquired Total Checkouts Full call number Barcode Date last seen Price effective from Koha item type
    Library of Congress Classification     مكتبة جامعة عجلون الوطنية مكتبة جامعة عجلون الوطنية 29/11/2023   TX353.H3776 A29644 29/11/2023 29/11/2023 Books
    Library of Congress Classification     مكتبة جامعة عجلون الوطنية مكتبة جامعة عجلون الوطنية 29/11/2023   TX353.H3776 A29645 29/11/2023 29/11/2023 Books